|
|
|
|
| LEADER |
00000nam a22000007a 4500 |
| 005 |
20210804113329.0 |
| 007 |
cr|||| |||| |
| 008 |
210804s2014 ca |||||s|||| 00||0 eng d |
| 020 |
|
|
|a 978-1-55221-363-6
|
| 035 |
|
|
|a 34854
|
| 040 |
|
|
|a vLex
|
| 090 |
|
|
|c 11893
|d 11893
|
| 100 |
1 |
|
|a Day, Shelagh
|
| 245 |
1 |
0 |
|a 14 Arguments in Favour of Human Rights Institutions
|h [Recurso electrn̤ico] /
|c Shelagh Day, Lucie Lamarche, Ken Norman
|
| 256 |
|
|
|a Servicio en ln̕ea
|
| 260 |
|
|
|a Toronto:
|b Irwin Law Inc.,
|c 2014
|
| 300 |
|
|
|a 1 recurso electrn̤ico
|
| 500 |
|
|
|a Today, many human rights commissions are threatened or are no longer in existence. This book argues in support of our human rights institutions, including the new Canadian Museum for Human Rights. These arguments debunk current challenges to our human rights commissions and tribunals. Further, they chronicle the ways in which governments have backed away from the project of growing a culture of human rights, and of maintaining the role of human rights commissions to promote and protect human rights. In sum, this book will help readers to evaluate criticism of human rights institutions so that Canadians can strengthen current systems and ensure that they are responding to today's problems in the field of human rights.
|
| 506 |
1 |
|
|a Disponible solo en los productos indicados
|d vLex Global
|d vLex Global (Academic Edition, excluding Law Schools)
|d vLex Global (U.S. Academic Edition, Law Schools)
|d vLex Global (U.S. Academic Edition, excluding Law Schools)
|d vLex Global (Academic Edition, Law Schools)
|
| 650 |
0 |
4 |
|a Derecho Constitucional
|z Canad̀
|
| 700 |
1 |
|
|a Lamarche, Lucie
|
| 700 |
1 |
|
|a Norman, Ken
|
| 740 |
0 |
|
|a vLex Libros (Servicio en ln̕ea)
|
| 856 |
4 |
0 |
|u https://app.vlex.com/#/sources/34854
|z Acceso restringido
|
| 942 |
|
|
|c BOOK
|
| 999 |
0 |
|
|a Constitutional right
|